000 00640nam a2200193 a 4500
001 BRCA_1923
005 20190320203614.0
008 000000s200 sp-#---###---#000-0#spa-u
020 _a9706513310
020 _a8449415179
050 4 _aPC4143
_b.O78 2000
245 1 0 _aOrtografía práctica
_breglas y dudas, ortografía, acentuación, puntuación, partición, abreviaturas, siglas, ejercicios y soluciones.
260 _aBarcelona
_bOceano Grupo Editorial
_c2000
300 _a544 p.
_c15 cm.
440 0 _aNuevo Equipo Didáctico Oceano
_95927
650 1 4 _aEspañol
_vDiccionarios
_xOrtografía
_95928
902 _aREF
942 _2lcc
_cB
999 _c1695
_d1695